| 000 | 00523nam a2200157 i 4500 | ||
|---|---|---|---|
| 001 | 47438 | ||
| 003 | ES-MaACL | ||
| 005 | 20230906161549.0 | ||
| 007 | t| | ||
| 008 | 030425s1914 gw ||||1| ger d | ||
| 100 | 1 |
_aBelow, Georg von. _927323 |
|
| 245 | 1 | 4 |
_aDer deutsche Staat des Mittelalters _b: eine Grundriss der deutschen Verfassungsgeschichte. _n, . I Band, _pDie Allgemeinen Fragen / _cGeorg von Below. |
| 260 |
_aLeipzig : _bQuelle & Meyer, _c1914. |
||
| 300 |
_aXX, 387 p. ; _c23 cm. |
||
| 852 |
_aES-MaACL _jD-8756 |
||
| 999 |
_c47438 _d47438 |
||